000 00411nam a2200181Ia 4500
001 3339
005 20260306145636.0
008 260306t1981||||xx |||||||||||||| ||spa||
041 _aESP
082 _a270
_bH41
100 _aHertling, Ludwig
_eAUT
245 0 _aHistoria de la iglesia
260 _c1981
300 _a582 páginas :
_c21 cm.
650 _aGEN
654 _aCHU
942 _cLIB
_dJUS
_fJUS
_2ddc
_n
999 _c3339
_d3339